Fantastic father, dependable dad / (Запис № 495510)

МАРК-запис
000 -LEADER
fixed length control field 01317nam a2200301Ia 4500
001 - CONTROL NUMBER
control field fantasticfatherd00scha
003 - CONTROL NUMBER IDENTIFIER
control field CaSfIA
005 - DATE AND TIME OF LATEST TRANSACTION
control field 20210118082706.0
007 - PHYSICAL DESCRIPTION FIXED FIELD--GENERAL INFORMATION
fixed length control field cr||||
008 - FIXED-LENGTH DATA ELEMENTS--GENERAL INFORMATION
fixed length control field 090601s1997 ilu 000 0 eng d
010 ## - LIBRARY OF CONGRESS CONTROL NUMBER
LC control number 95081337
040 ## - CATALOGING SOURCE
Original cataloging agency IAZ
Transcribing agency IAZ
Modifying agency CaSfIA
020 ## - INTERNATIONAL STANDARD BOOK NUMBER
International Standard Book Number 1562452428 (pbk.)
020 ## - INTERNATIONAL STANDARD BOOK NUMBER
International Standard Book Number 9781562452421 (pbk.)
035 ## - SYSTEM CONTROL NUMBER
System control number (OCoLC)367585969
090 ## - LOCALLY ASSIGNED LC-TYPE CALL NUMBER (OCLC); LOCAL CALL NUMBER (OCLC)
Classification number (OCLC) (R) ; Classification number, CALL (RLIN) (NR) PN6084.F3
Local cutter number (OCLC) ; Book number/undivided call number, CALL (RLIN) S32 1997
100 1# - MAIN ENTRY--PERSONAL NAME
Personal name Schaffer, Peggy.
245 10 - TITLE STATEMENT
Title Fantastic father, dependable dad /
Medium [electronic resource]
Statement of responsibility, etc compiled by Peggy Schaffer.
260 ## - PUBLICATION, DISTRIBUTION, ETC. (IMPRINT)
Place of publication, distribution, etc Glendale Heights, IL :
Name of publisher, distributor, etc Great Quotations Pub.,
Date of publication, distribution, etc c1997.
300 ## - PHYSICAL DESCRIPTION
Extent 168 p. ;
Dimensions 12 x 16 cm.
506 ## - RESTRICTIONS ON ACCESS NOTE
Standardized terminology for access restriction Необхідна авторизація на https://archive.org/ (створення облікового запису безкоштовно)
506 ## - RESTRICTIONS ON ACCESS NOTE
Standardized terminology for access restriction Необхідна авторизація на https://openlibrary.org/ (створення облікового запису безкоштовно)
650 #0 - SUBJECT ADDED ENTRY--TOPICAL TERM
Topical term or geographic name as entry element Fathers
General subdivision Quotations.
650 #0 - SUBJECT ADDED ENTRY--TOPICAL TERM
Topical term or geographic name as entry element Fatherhood
Form subdivision Quotations, maxims, etc.
856 41 - ELECTRONIC LOCATION AND ACCESS
Uniform Resource Identifier <a href="http://www.archive.org/details/fantasticfatherd00scha">http://www.archive.org/details/fantasticfatherd00scha</a>
Public note Free eBook from the Internet Archive
856 42 - ELECTRONIC LOCATION AND ACCESS
Uniform Resource Identifier <a href="http://www.openlibrary.org/books/OL8639932M">http://www.openlibrary.org/books/OL8639932M</a>
Public note Additional information and access via Open Library
942 ## - ADDED ENTRY ELEMENTS (KOHA)
Koha item type ЕКнига

Немає доступних примірників.